| 000 | 00507nam a22001697a 4500 | ||
|---|---|---|---|
| 005 | 20260327153713.0 | ||
| 008 | 260327b |||||||| |||| 00| 0 eng d | ||
| 020 | _a9788126940189 | ||
| 041 | _aeng | ||
| 082 |
_a158.1 _bVER B22764 |
||
| 100 |
_aVerghese A K _9217342 |
||
| 245 |
_aGet Intentional: _bUnconventional Approaches and Tenacity for Personal Branding and Professional Advancement |
||
| 260 |
_aNew Delhi _bAtlantic _c2024 |
||
| 300 | _a289p | ||
| 500 | _aPersonality Development | ||
| 942 | _cBK | ||
| 999 |
_c370799 _d370799 |
||